00486nam a22001817a 4500003000500000005001700005008004100022010000900063011000900072035000900081040000900090100002900099245008500128260003900213300001000252500001100262650003100273CHAP20220329133313.0971013s1987 r 00010 d a4606 a5578 a4792 cCHAP00aGonzález R., Gregorio. aAnálisis de los convenios de los Programas de Formaciónen la UACH, 1976-1986 aChapingo, Méx. :bUACH,c[1987?] a13 h. a53-45614aFormación de profesores.